000
00261nam a22001097a 4500
008
170120b xxu||||| |||| 00| 0 eng d
020
_a
9780323009836
041
_a
eng
080
_a
618.2
245
_a
MOSBY'S NURSING GUIDE REFERENCE
_c
ROTH, L.S
942
_2
udc
_c
BK
999
_c
3284
_d
3284